000 00503nam a22001577a 4500
999 _c534114
_d534114
020 _qHard Cover.
082 _a660.01
100 _aMushtaq, Attoba
245 _aScreening of Various Environmental Fungal Isolates for Mycoviral Infection /
_cAttoba Mushtaq.
260 _aIslamabad :
_bASAB - NUST,
_c2014.
300 _c30cm.
942 _2ddc
_cTHE
650 _aBiotechnology MS-Thesis.
_928255
700 _aDr. Muhammd Faraz Bhatti.
_928256